000 01075nam a2200313Ia 4500
000 nam a22 i 4500
001 UNACH-9169
007 ta
008 221212s ||||fr|||| 00| | spa d
020 _a978-84-939618-4-8
041 0 _aspa
082 0 4 _a620.8
_bFactores humanos e ingenieria de seguridad
100 1 _aGarcia Gogenola, Barbara.,
_eautor
245 1 0 _aTrabajos en espacios confinados.
264 3 1 _a[Madrid] :
_aEspaña :
_bFundación Confemetal,
_c2012
300 _a192 páginas :
_bilustraciones
336 _atexto
_btxt
_2rdacontent
337 _ano mediado
_bn
_2rdamedia
338 _avolumen
_bnc
_2rdacarrier
504 _aIncluye: índice de contenido, bibliografía.
505 0 _aEspacios confinados.-- Técnicas de control en espacios confinados.-- Rescate y auxilio de accidentados.-- Procedimientos de trabajo y formación.
650 1 4 _aESPACIOS CONFINADOS
650 2 4 _aATMOSFERAS PELIGROSAS
650 2 4 _aPROCEDIMIENTOS
650 2 4 _aRESCATE
653 0 _aTrabajos en espacios confinados.
942 _2ddc
_c1
_n0
999 _c7435
_d7435